Statistics for Star Wars Droids Quiz

Click here to take the quiz!

General Stats

  • This quiz has been taken 9 times
  • The average score is 9 of 31

Answer Stats

HintAnswer% Correct
Which droid has a mismatched silver shin?C-3PO
83%
Which droid travels to Moriband with Yoda?R2-D2
83%
What was the nickname of rebel astromech C1-10P?Chopper
67%
Which droid traitor temporarily replaced R2-D2 during the Clone Wars?R3-S6
67%
Which astromech belonged to Obi-Wan Kenobi during the Clone Wars?R4-P17
67%
What droid has a bad motivator in A New Hope?R5-D4
67%
Which droid was the companion of Cal Kestis?BD-1
50%
Who reprogrammed K-2SO?Cassian Andor
50%
Which droid was defeated by Boba Fett on Cloud City?IG-88
50%
Which droid prevents the Resistance from disabling the Supremacy's hyperspace tracker?BB-9E
33%
Which overseer droid served Jabba and worked in the Mos Eisley Cantina?EV-9D9
33%
What droids were trained by General Grievous to be personal bodyguards?IG-100
33%
What rolling droid was used at the Battle of Geonosis?IG-227 Hailfire-class droid tank
33%
Which droid was companion to Ahsoka Tano?R7-87
33%
What droid fighter was used in the Invasion of Naboo?Vulture droid
33%
Which protocol droid specialized in etiquette, customs, translation and torture?0-0-0
17%
What made up the small droid army that Vader used during the Shu-Torun wars?BX-series droid commando
17%
What species created droidekas?Colicoids
17%
Who used three DRK-1 Dark Eye probe droids?Darth Maul
17%
Which droid, owned by Sith assassin Ochi, carried information about Exegol?D-O
17%
Which droids were used by Admiral Trench for bombing runs on Christophsis?Hyena bombers
17%
Which Bounty Hunters' Guild assassin droid was reprogrammed as a nurse droid?IG-11
17%
Which company manufactured B1 and B2 battle droids for the Separatists?Baktoid Combat Automata
0%
Which Tarkin Initiative droid was owned by Doctor Aphra?BT-1
0%
What was the nickname of the WA-7 waitress droid that worked for Dexter Jettster?Flo
0%
What droid model finds Rex's inhibitor chip during Order 66?FX-7
0%
What droid killed Steela Gerrera?HMP droid gunship
0%
Which murderous droid was the companion of Temmin Wexley in the Aftermath novel series?Mister Bones
0%
Which amphibious droid model was used to assault Kachihiro Beach?NR-N99 Persuader-class droid enforcer
0%
Which droid is voiced by Richard Ayoade?Q9-0
0%
Which droid model was used in Project Swarm and travelled in hyperdrive pods?Viper probe droid
0%

Score Distribution

Percentile by Number Answered

Percent of People with Each Score

Your Score History

You have not taken this quiz